00429nam a2200145Ia 4500008004100000020001500041041001200056082001500068100002100083245006500104250001200169260003400181300002300215650004500238231217s9999 xx 000 0 und d a9971470446 aEnglish a546 HUH;6 aHuheey, James E. 0aInorganic chemistry : principles of structure and reactivity a3rd ed. c1983bHarper & RowaSingapore axvi, 936+A-111+I-9 aInorganic,chemistry,structure,reactivity